01127 a2200217 45000010006000000050017000060080041000230030015000640400040000790800053001192450123001720200022002952640096003173000019004135050249004320410008006811000018006897000086007077000017007938560099008104571520260407155729.0260407a2017 arg spa dAR-UNSa-BCEJYS aAR-UNSa-BCEJYSbspacAR-UNSa-BCEJYS a339.5xComercio exterior. Comercio Internacional10aPerspectivas del comercio internacional de América Latin y el CaribepRecuperación en un contexto de incertidumbre a978-92-1-121968-5 1aSantiago de Chile :bCEPAL (Comisión Económica para América Latina y el Caribe)c2017 a169 p.c27 cm. a1. Repunte del comercio regional en un contexto global incierto – 2. El débil desempeño de la región en el comercio de servicios modernos – 3. América Latina y el Caribe frente a los desafíos del comercio agropecuario mundial.  aspa1 aCimoli, Mario1 aNaciones Unidas. Comisión Económica para América Latina y el Caribe (CEPAL)1 aInoue, Keiji41uhttps://www.biblioeco.unsa.edu.ar/pmb/images/libros/L127166.jpgyImagen de portadaqimage/jpeg